000 00484nam a22001817a 4500
003 MPLRDC
005 20220104195431.0
008 210129b ||||| |||| 00| 0 eng d
020 _a978-7-208-12486-8
082 _a029.5 BAS
100 _aNICHOLAS A. BASBANES 尼古拉斯.A.巴斯贝恩
245 _a文雅的疯狂
_c陈焱 译
250 _a一版五刷
260 _a中国
_b上海人民出版社
_c2015
300 _b
650 _a藏书癖
942 _cBK
_o029.5 BAS
999 _c66181
_d66171